| 000 | 00545cam a2200145 4500500 | ||
|---|---|---|---|
| 005 | 20251012021700.0 | ||
| 041 | _afre | ||
| 042 | _adc | ||
| 100 | 1 | 0 |
_aBureau, Étienne _eauthor |
| 245 | 0 | 0 | _aNicolas Tenzer Notre guerre Le crime et l’oubli : pour une pensée stratégique. L’Observatoire, 2024, 608 pages, 28 €. |
| 260 | _c2025. | ||
| 500 | _a32 | ||
| 786 | 0 | _nÉtudes | Juillet-Août | 7-8 | 2025-07-01 | p. 135a-136 | 0014-1941 | |
| 856 | 4 | 1 | _uhttps://shs.cairn.info/revue-etudes-2025-7-page-135a?lang=fr&redirect-ssocas=7080 |
| 999 |
_c1539120 _d1539120 |
||